| 000 | 00351nam a22001577a 4500 | ||
|---|---|---|---|
| 003 | OSt | ||
| 005 | 20240322150341.0 | ||
| 008 | 170725b xxu||||| |||| 00| 0 eng d | ||
| 020 | _a978-8177585421 | ||
| 040 | _cSEROSOFT | ||
| 100 | _aFINAR,I.L. | ||
| 245 | _aORGANIC CHEMISTRY | ||
| 260 |
_aDELHI _bPEARSON _c2007 |
||
| 300 | _a962 | ||
| 942 |
_2ddc _c03 |
||
| 999 |
_c35954 _d35954 |
||